| Tag |
First Indicator |
Second Indicator |
Subfields |
| LEADER |
00000cam a22000001 4500 |
| 001 |
in00000214513 |
| 005 |
20151009055129.0 |
| 008 |
710426r19681735enk 00000 eng |
| 010 |
|
|
|a 68098045
|
| 015 |
|
|
|a B68-03932
|
| 035 |
|
|
|a (OCoLC)00461102
|
| 035 |
|
|
|9 AAW9979AM
|
| 040 |
|
|
|a DLC
|c DLC
|d TXA
|d UtOrBLW
|
| 049 |
|
|
|a TXAM
|c [914294]
|
| 050 |
0 |
0 |
|a PE1103
|b .C64 1735a
|
| 082 |
0 |
|
|a 425
|
| 100 |
1 |
|
|a Collyer, John
|c (Schoolmaster, of Nottingham)
|
| 245 |
1 |
4 |
|a The general principles of grammar, 1735.
|
| 264 |
|
1 |
|a Menston (Yorks.) :
|b Scolar P.,
|c 1968.
|
| 300 |
|
|
|a 4 unnumbered pages, viii, 128 pages ;
|c 20 cm.
|
| 336 |
|
|
|a text
|b txt
|2 rdacontent
|
| 337 |
|
|
|a unmediated
|b n
|2 rdamedia
|
| 338 |
|
|
|a volume
|b nc
|2 rdacarrier
|
| 490 |
1 |
|
|a English linguistics, 1500-1800: a collection of facsimile reprints,
|v no. 59
|
| 500 |
|
|
|a "A Scolar Press facsimile."
|
| 500 |
|
|
|a Facsimile reprint of 1st edition originally published, Nottingham, Tho. Collyer, 1735.
|
| 650 |
|
0 |
|a English language
|x Grammar.
|
| 830 |
|
0 |
|a English linguistics, 1500-1800--a collection of facsimile reprints ;
|v no. 59.
|
| 999 |
|
|
|a MARS
|
| 999 |
f |
f |
|s bfd2c531-c906-39bb-a2b6-0acfdcb615f1
|i 62b810f3-042e-3f9e-a887-8a34f9c1b023
|t 0
|
| 952 |
f |
f |
|p ric
|a Texas A&M University
|b Rellis Campus
|c Joint Library Facility
|s JLF
|d Remote Storage
|t 0
|e PE1103 .C64 1735a
|h Library of Congress classification
|i unmediated -- volume
|m A14803582422
|
| 998 |
f |
f |
|a PE1103 .C64 1735a
|t 0
|l Remote Storage
|